000 00211nam a2200097Ia 4500
005 20251222114341.0
008 251222s1900||||xx |||||||||||||| ||spa||
082 _aDVD0010/Y37/2005
245 0 _aBullitt:
942 _cDVD
999 _c862
_d862